A history of the art of war in the middle ages, (Record no. 552320)

000 -LEADER
fixed length control field 00525cam a2200169u 4500
082 ## - DEWEY DECIMAL CLASSIFICATION NUMBER
Classification number \355.02
Author Mark OMA
-- D
100 1# - MAIN ENTRY--PERSONAL NAME
Personal name Oman, Charles,
9 (RLIN) 49544
245 12 - TITLE STATEMENT
Title A history of the art of war in the middle ages,
250 ## - EDITION STATEMENT
Edition statement 2d ed.
260 ## - PUBLICATION, DISTRIBUTION, ETC.
Place of publication, distribution, etc. London,
Name of publisher, distributor, etc. Methuen & co. ltd.
Date of publication, distribution, etc. [1924]
300 ## - PHYSICAL DESCRIPTION
Extent 2 v.
Other physical details plates, maps. plans.
Dimensions 23 cm.
526 ## - STUDY PROGRAM INFORMATION NOTE
Program name 0
Interest level 0
Reading level 0
Title point value 355_000000000000000_02_OMA
650 #0 - SUBJECT ADDED ENTRY--TOPICAL TERM
Topical term or geographic name entry element MCE
9 (RLIN) 379
650 #0 - SUBJECT ADDED ENTRY--TOPICAL TERM
Topical term or geographic name entry element Military art and science
General subdivision History
9 (RLIN) 1734
650 #0 - SUBJECT ADDED ENTRY--TOPICAL TERM
Topical term or geographic name entry element Military history, Medieval.
9 (RLIN) 49545
942 ## - ADDED ENTRY ELEMENTS (KOHA)
Source of classification or shelving scheme
Koha item type Book
Holdings
Withdrawn status Lost status Source of classification or shelving scheme Damaged status Not for loan Permanent Location Current Location Shelving location Date acquired Total Checkouts Full call number Barcode Date last seen Price effective from Koha item type
          Military College of Engineering (MCE) Military College of Engineering (MCE)   01/14/2015   \355.02 OMA MCE-WXH/122 01/14/2015 01/14/2015 Book
© 2023 Central Library, National University of Sciences and Technology. All Rights Reserved.